States Along Interstate I-90 - Statistics

General Stats
  • This quiz has been taken 63 times
  • The average score is 13 of 13
Answers on the Map
Answers color-coded by a green-red scale on the quiz's map according to % correct below.
 
Answer Stats
State % Correct
Massachusetts
100%
Illinois
98%
Indiana
98%
Minnesota
98%
Montana
98%
New York
98%
Ohio
98%
Pennsylvania
98%
South Dakota
98%
Wisconsin
98%
Wyoming
98%
Idaho
96%
Washington
96%
No matching quizzes found
Score Distribution
Percent of People with Each Score
Percentile by Number Answered
Your Score History
You have not taken this quiz